000 02146cam a2200385 a 4500
999 _c9155
_d9155
001 38976287
003 OCoLC
005 20241126110706.0
008 980413s1998 miu b 001 0 eng
010 _a 98021272
020 _a0310494109
020 _a9780310494102
020 _a0340745908
020 _a9780340745908
035 _a(OCoLC)38976287
_z(OCoLC)84981971
_z(OCoLC)796957517
040 _aDLC
_beng
_cDLC
_dUKM
_dBAKER
_dNLGGC
_dBTCTA
_dYDXCP
_dDEBBG
_dOCLCQ
_dCUD
_dOUP
_dOCLCF
_dOCLCO
_dCHC
_dOCLCA
_dAQ3
_dCIRBC
050 0 0 _aBS2625.3
_b.F47 1998
082 0 0 _a220.77
_a226.6/077
_221
_bNIV
092 0 _fR
_a220.77
_bN734
100 1 _aFernando, Ajith.
_93283
245 1 0 _aActs :
_bthe NIV application commentary from biblical text-- to contemporary life /
_cAjith Fernando.
260 _aGrand Rapids, Mich. :
_bZondervan,
_c℗♭1998.
300 _a656 pages ;
_c24 cm.
336 _atext
_btxt
_2rdacontent
337 _aunmediated
_bn
_2rdamedia
338 _avolume
_bnc
_2rdacarrier
490 1 _aNIV application commentary
504 _aIncludes bibliographical references (pages 45-48) and indexes.
505 0 _aSeries Introduction -- General Editor's Preface -- Author's Preface -- Abbreviations -- Introduction -- Outline -- Annotated Bibliography -- Text and Commentary on Acts.
520 _aMost Bible commentaries take us on a one-way trip from the twentieth century to the first century. But they leave us there, assuming that we can somehow make the return journey on our own. In other words, they focus on the original meaning of the passage but don't discuss its contemporary application. The information they offer is valuable -- but the job is only half done! The NIV Application Commentary Series helps us with both halves of the interpretive task. This new and unique series shows readers how to bring an ancient message into modern context. It explains not only what the Bible means but also how it can speak powerfully today.
630 0 0 _aBible.
_pActs
_vCommentaries.
_95575
655 7 _aCommentaries.
_2fast
_0(OCoLC)fst01423723
_9875
830 0 _aNIV application commentary.
_91769
942 _2ddc
_cREF